Catálogo

A history of mexican literature / (Registro nro. 67674)

Detalles MARC
000 -LEADER
fixed length control field 01099ctm a2200301 i 4500
001 - CONTROL NUMBER
control field 67674
003 - CONTROL NUMBER IDENTIFIER
control field Mx-PuUPA
005 - DATE AND TIME OF LATEST TRANSACTION
control field 20200401180627.0
008 - FIXED-LENGTH DATA ELEMENTS--GENERAL INFORMATION
fixed length control field 140415s2016 nyu r 000 0 spa d
020 ## - INTERNATIONAL STANDARD BOOK NUMBER
International Standard Book Number 9781107099807
040 ## - CATALOGING SOURCE
Original cataloging agency MX-PuUPA
Language of cataloging spa
Description conventions rda
Transcribing agency Mx-PuUPA
Modifying agency Mx-PuUPA
041 0# - LANGUAGE CODE
Language code of text/sound track or separate title eng
245 10 - TITLE STATEMENT
Title A history of mexican literature /
Statement of responsibility, etc. edited by Ignacio M. Sánchez Prado, Ann M. Nogar, José Ramón Ruisánchez Serra.
250 ## - EDITION STATEMENT
Edition statement First edition
264 #1 - PRODUCTION, PUBLICATION, DISTRIBUTION, MANUFACTURE, AND COPYRIGHT NOTICE
Place of production, publication, distribution, manufacture New York, N.Y. :
Name of producer, publisher, distributor, manufacturer Cambridge University Press,
Date of production, publication, distribution, manufacture, or copyright notice 2016
300 ## - PHYSICAL DESCRIPTION
Extent xiv, 448 páginas ;
Dimensions 24 cm.
336 ## - CONTENT TYPE
Content type term texto
Fuente rdacontent
Content type code txt
337 ## - MEDIA TYPE
Media type term sin medio
Source rdamedia
Media type code n
338 ## - CARRIER TYPE
Carrier type term volumen
Source rdacarrier
Carrier type code nc
650 #4 - SUBJECT ADDED ENTRY--TOPICAL TERM
Topical term or geographic name entry element Literatura mexicana
General subdivision Historia y crítica
650 #4 - SUBJECT ADDED ENTRY--TOPICAL TERM
Topical term or geographic name entry element Literatura popular
Geographic subdivision México
General subdivision Historia y crítica
650 #4 - SUBJECT ADDED ENTRY--TOPICAL TERM
Topical term or geographic name entry element Literatura y sociedad
Geographic subdivision México
General subdivision Historia
700 1# - ADDED ENTRY--PERSONAL NAME
Personal name Sánchez Prado, Ignacio M.,
Relator term editor
700 1# - ADDED ENTRY--PERSONAL NAME
Personal name Nogar, Ann M.,
Relator term editor
700 1# - ADDED ENTRY--PERSONAL NAME
Personal name Ruisánchez Serra, José Ramón,
Relator term editor
942 ## - ADDED ENTRY ELEMENTS (KOHA)
Classification part 860.9972
Item part H673
Koha item type Libro
Source of classification or shelving scheme Dewey Decimal Classification
Existencias
Withdrawn status Lost status Source of classification or shelving scheme Damaged status Not for loan Collection code Home library Current library Shelving location Date acquired Source of acquisition Total Checkouts Full call number Barcode Checked out Date last seen Date last checked out Price effective from Koha item type
    Dewey Decimal Classification     Magisterial Biblioteca Karol Wojtyla Biblioteca Karol Wojtyla Módulo de circulación 17/08/2017 Compra 1 860.9972 H673 2016 98307 25/08/2017 25/08/2017 25/08/2017 17/08/2017 Magisterial